| 000 | 00641nam a2200217Ia 4500 | ||
|---|---|---|---|
| 003 | SISC | ||
| 005 | 20180927122709.0 | ||
| 008 | 180918s9999 xx 000 0 und d | ||
| 020 | _a9781442256118 | ||
| 050 |
_aPN 4784 .T4 _b.D725 2016 |
||
| 100 | _aDotson, Bon | ||
| 245 |
_cBob Dotson _aMake it memorable: _bwriting and packagig visual news with style/ |
||
| 250 | _a2nd ed. | ||
| 260 |
_aLanham: _bRowman and Littlefield _c2016 |
||
| 300 |
_a142 pages : _billustrated ; _c22 cm. |
||
| 500 | _aincludes index | ||
| 650 | _aReporters and reporting | ||
| 650 | _atelevision broadcasting of news | ||
| 942 |
_2lcc _cBK |
||
| 999 |
_c358780 _d358780 |
||